| 000 | 00000nam##2200000za#4500 |
| 001 | 9.604302 |
| 003 | CaOODSP |
| 005 | 20210624211513 |
| 007 | cr ||||||||||| |
| 008 | 150406|2002||||xxc|||||o f|0| 0 fre|d |
| 040 | |aCaOODSP|bfre |
| 043 | |an-cn--- |
| 086 | 1 |aEn49-24/1-54F-IN |
| 110 | 1 |aCanada.|bEnvironnement Canada. |bCentre de Technologie Environnementale. |
| 245 | 10|aMéthode d'essai biologique - méthode de référence servant à déterminer la toxicité des sédiments à l'aide d'une bactérie luminescente dans un essai en phase solide / |h[ressource électronique]|c[publié par] Section de l'élaboration et de l'application des méthodes. |
| 260 | |aOttawa - Ontario : |bEnvironnement Canada. |cAvril 2002. |
| 300 | |a84p.|bglossaire, références, tableaux |
| 490 | 1 |aSérie de la Protection de l'environnement. [Méthodes de référence]|vSPE 1/RM/42 |
| 500 | |aLe nº de catalogue (En49-24/1-54F) et l'ISBN (0-660-96753-7) de l'édition imprimée ont été incorrectement copiés dans cette édition électronique. |
| 546 | |a(Abstract in English). |
| 590 | |a12-34-Supp|b2012-07-31 |
| 691 | 07|aÉcosystème aquatique|2gcpds |
| 691 | 07|aPollution de l'eau|2gcpds |
| 775 | 08|tBiological test method - reference method for determining the toxicity of sediment using luminescent bacteria in a solid-phase test / |w(CaOODSP)9.574560 |
| 830 | #0|aSérie de la Protection de l'environnement. [Méthodes de référence]|vSPE 1/RM/42|w(CaOODSP)9.501305 |
| 856 | 40|ahttp://publications.gc.ca|qPDF|s561 Ko|uhttps://publications.gc.ca/collections/collection_2012/ec/En49-24-1-54-fra.pdf|ySPE 1/RM/42 |